| 000 | 00555nam a22002057a 4500 | ||
|---|---|---|---|
| 003 | OSt | ||
| 005 | 20140310183126.0 | ||
| 008 | 130529t xxu||||| |||| 00| 0 eng d | ||
| 020 | _a9789712357855 | ||
| 050 |
_aH 62 _b.G216 2010 |
||
| 082 |
_aFIL 371.3 _bG216 2010 |
||
| 245 |
_aA teaching handbook on Asking Questions _cGarcia, Manuel B. |
||
| 260 |
_aManila, Philippines _bRex Bookstore _cc2010 |
||
| 300 |
_axi, 185 p. _c25 cm. |
||
| 521 | _aCollege students | ||
| 526 | _c1210L-1700L | ||
| 541 | _j1 | ||
| 562 | _e1 | ||
| 942 |
_2lcc _cBK _kFIL |
||
| 999 |
_c19032 _d19032 |
||